Fantômes de fictions en images - Statistiques

Statistiques générales
  • Ce quiz a été pris 122 fois
  • Le résultat moyen est 5 sur 20
Statistiques - réponses
Par images Réponse % Correct
Casper
98%
Beetlejuice
79%
Roi Boo
74%
Mimi Geignarde
67%
Ectoplasma
53%
Danny Fenton
26%
Zero
26%
Maude Flanders
20%
Slimer
19%
Hollandais Volant
13%
Roi des Morts
11%
Spectra Vondergeist
8%
Malcolm Crowe
5%
Whisper
5%
Fantôme des Noëls Passé
4%
Amidamaru
3%
Grace Stewart
2%
LeChuck
2%
Hui Buh
1%
Tobi
0%
Aucun quiz correspondant
Distribution des résultats
% des personnes avec chaque résultat
Percentile par nombre de réponses
Votre historique - résultats
Vous n’avez pas pris ce quiz